If God Was A Banker (Record no. 354443)

MARC details
000 -LEADER
fixed length control field 00355nam a2200145Ia 4500
008 - FIXED-LENGTH DATA ELEMENTS--GENERAL INFORMATION
fixed length control field 230719s9999 xx 000 0 und d
041 ## - LANGUAGE CODE
Language code of text/sound track or separate title eng
082 ## - DEWEY DECIMAL CLASSIFICATION NUMBER
Classification number 332.1'2'0924
Item number SUB
100 ## - MAIN ENTRY--PERSONAL NAME
Personal name Subramanian R.
9 (RLIN) 117783
245 ## - TITLE STATEMENT
Title If God Was A Banker
260 ## - PUBLICATION, DISTRIBUTION, ETC. (IMPRINT)
Date of publication, distribution, etc. 2010
Name of publisher, distributor, etc. Rupa.Co
300 ## - PHYSICAL DESCRIPTION
Extent 260
365 ## - TRADE PRICE
Currency code Rs.
Price amount 98.00
700 ## - ADDED ENTRY--PERSONAL NAME
Personal name Subramanian R.
9 (RLIN) 117783
Holdings
Withdrawn status Lost status Damaged status Not for loan Home library Current library Shelving location Date acquired Vendor Cost, normal purchase price Total Checkouts Total Renewals Full call number Barcode Date last seen Date last checked out Cost, replacement price Bill Date Koha item type Original Barcode
        Cummins College of Engineering for Women Pune Cummins College of Engineering for Women Pune Donated Book 04/09/2017 Masurkar Enterprises 98.00 3 1 332.1'2'0924 CCEP-DB-648 02/04/2024 26/03/2024 98.00 19/07/2023 Books D00648